<?xml version="1.0" encoding="UTF-8"?>
<marc:record xmlns:marc="http://www.loc.gov/MARC21/slim">
   <marc:leader>00000nam a2200000 a 4500</marc:leader>
   <marc:datafield ind1="1" ind2=" " tag="100">
      <marc:subfield code="a">Rosegger, Peter</marc:subfield>
      <marc:subfield code="4">aut</marc:subfield>
      <marc:subfield code="e">Verfasser/-in</marc:subfield>
   </marc:datafield>
   <marc:datafield ind1="1" ind2=" " tag="100">
      <marc:subfield code="a">Vogel, Susanne</marc:subfield>
      <marc:subfield code="4">edt</marc:subfield>
      <marc:subfield code="e">Bearbeiter/-in</marc:subfield>
   </marc:datafield>
   <marc:datafield ind1=" " ind2=" " tag="653">
      <marc:subfield code="a">Softcover</marc:subfield>
   </marc:datafield>
   <marc:datafield ind1=" " ind2=" " tag="653">
      <marc:subfield code="a">Karte</marc:subfield>
   </marc:datafield>
   <marc:datafield ind1=" " ind2=" " tag="653">
      <marc:subfield code="a">Erzählungen</marc:subfield>
   </marc:datafield>
   <marc:datafield ind1="0" ind2="0" tag="245">
      <marc:subfield code="a">Familiengeschichten</marc:subfield>
   </marc:datafield>
   <marc:datafield ind1="0" ind2="0" tag="245">
      <marc:subfield code="c">Peter Rosegger. [Hrsg.: Susanne Vogel</marc:subfield>
   </marc:datafield>
   <marc:datafield ind1=" " ind2="1" tag="264">
      <marc:subfield code="a">Linden</marc:subfield>
      <marc:subfield code="b">Staackmann</marc:subfield>
      <marc:subfield code="c">2005</marc:subfield>
   </marc:datafield>
   <marc:datafield ind1=" " ind2=" " tag="250">
      <marc:subfield code="a">Sprachl. modernisierte Ausg.</marc:subfield>
   </marc:datafield>
   <marc:datafield ind1="1" ind2=" " tag="520">
      <marc:subfield code="a">Peter Rosegger versetzt uns durch seine einfühlsam und spannend erzählten Geschichten immer wieder in Zeiten, die, neben dem ursprünglichen Ziel des Überlebens, in erster Linie durch zwei Elemente geprägt waren: Religion und menschlichen Zusammenhalt. In seinen Erzählungen kann "die Moral der G'schicht" noch wirklich als "Moral" bezeichnet werden. Fast alle seiner Geschichten greifen auf irgendeine Weise das Zusammenleben innerhalb der Großfamilie auf, was sich ebenso auf die zwischenmenschlichen Beziehungen außerhalb seiner so geliebten Familie übertragen lässt. Die Familiengeschichten setzten nun den Schwerpunkt genau auf diese Beziehungsebenen: Nicht nur die "emotionalen" Beziehungen zwischen Peter Rosegger und den ihm nahe stehenden Personen werden thematisiert. Es werden durch die ausgewählten Texte auch die sozialen Regeln und Konventionen vermittelt, die zu Roseggers Zeit unumgänglich waren, wenn man in der Gemeinschaft einer Großfamilie bestehen wollte, und die uns heute erstaunen und faszinieren zugleich.</marc:subfield>
   </marc:datafield>
   <marc:datafield ind1=" " ind2=" " tag="020">
      <marc:subfield code="a">9783886750498</marc:subfield>
      <marc:subfield code="9">9783886750498</marc:subfield>
   </marc:datafield>
   <marc:datafield ind1=" " ind2=" " tag="020">
      <marc:subfield code="a">3886750493</marc:subfield>
      <marc:subfield code="9">3886750493</marc:subfield>
   </marc:datafield>
   <marc:datafield ind1=" " ind2=" " tag="041">
      <marc:subfield code="a">ger</marc:subfield>
   </marc:datafield>
   <marc:datafield ind1=" " ind2=" " tag="300">
      <marc:subfield code="a">83 S.</marc:subfield>
   </marc:datafield>
</marc:record>
